000 00355nam a2200133Ia 4500
005 20260328104339.0
008 260328s9999||||xx |||||||||||||| ||und||
100 _aLe Corbusier
245 0 _aFeststellungen zu architektur und Städtebau, Le Corbusier 1929 /
_cLe Corbusier
260 _bBerlin
300 _a245 p.
650 _aARQUITECTOS
942 _cBK
999 _c12035
_d12035